Ricostruisci la Carriera del Calciatore - Mesut Özil - Statistics

Statistiche generali
  • Questo quiz è stato fatto 9 volte
  • Il punteggio medio è 4 su 6
Statistiche sulle risposte
Hint Risposta % Corretto
2013-2021 Arsenal
75%
2021-2022 Fenerbahçe
75%
2022-2023 İstanbul Başakşehir
75%
2010-2013 Real Madrid
63%
2008-2010 Werder Brema
63%
2006-2008 Schalke 04
50%
Nessun quiz corrispondente trovato
Distribuzione punteggi
Percentuale di utenti per punteggio
Percentile per numero di risposta
I tuoi punteggi nel tempo
Non hai fatto questo quiz